Ratanlal & Dhirajlal's the law of evidence : (Record no. 91786)

MARC details
000 -LEADER
fixed length control field 00777nam a22002177a 4500
005 - DATE AND TIME OF LATEST TRANSACTION
control field 20150323122756.0
010 ## - LCCN (DPL NO)
LC control number ENG-112229
020 ## - INTERNATIONAL STANDARD BOOK NUMBER
International Standard Book Number 9789351431374
Terms of availability 2195.00
035 ## - SYSTEM CONTROL NUMBER
System control number EN-95761
037 ## - SOURCE OF ACQUISITION
Source of stock number/acquisition DBAD/PUB
082 ## - DEWEY DECIMAL CLASSIFICATION NUMBER
Classification number 347.540602632
100 ## - MAIN ENTRY--PERSONAL NAME
Personal name Ranchhoddas,Ratanlal
245 ## - TITLE STATEMENT
Title Ratanlal & Dhirajlal's the law of evidence :
Statement of responsibility, etc by Ratanlal Ranchhoddas [and] Dhirajlal Keshavlal Thakore
Remainder of title the criminal law (amendment) act, 2013 /
250 ## - EDITION STATEMENT
Edition statement 23rd ed
260 ## - PUBLICATION, DISTRIBUTION, ETC. (IMPRINT)
Place of publication, distribution, etc Gurgaon
Name of publisher, distributor, etc LexisNexis
Date of publication, distribution, etc 2014
270 ## - ADDRESS
Address 14th Floor, Building No. 10, Tower-B, DLF Cyber city, Phase-II
City Gurgaon
Postal code 122002
300 ## - PHYSICAL DESCRIPTION
Extent cdi,1852p.
Dimensions 25cm(Hb)
500 ## - GENERAL NOTE
General note Includes index
700 ## - ADDED ENTRY--PERSONAL NAME
Personal name Thakore, Dhirajlal Keshavlal
9 (RLIN) 17244
942 ## - ADDED ENTRY ELEMENTS (KOHA)
Source of classification or shelving scheme Dewey Decimal Classification
Item type English Books
Call number suffix RAN
Classification part 347.540602632
Holdings
Withdrawn status Lost status Not for loan Collection code Home library Current library Date acquired Source of acquisition Cost, normal purchase price Full call number Barcode Copy number Cost, replacement price Koha item type
    Not For Loan Non-fiction D.B.Act.Division D.B.Act.Division 24/02/2015 DBAD/PUB 2195.00 347.540602632 RAN EN-95761 1 2195.00 English Books

© Delhi Public Library
Hit Counter
free hit counter